00582nam a22001577a 4500020001500000040000900015082001700024100002300041245010100064250001600165260005000181650003200231942001200263999001900275952013000294 a0071236716 cNUST a621.815bNOR a Norton, Robert L. aDesign of Machinery : bAn Introduction to the Synthesis and Analysis of Mechanisms and Machines a3rd Edition aBoston,bMcGraw-Hill Higher Education,c2004. aDesign of Machinery9125384 2ddccBK c611137d611137 00102ddc4070aCEMEbCEMEcGENd2024-08-27l1o621.815 NORpCEME- 38959q2026-03-29r2026-02-27s2026-02-27w2024-08-27yBK